Normal view MARC view

Entry Nombre corporativo

Number of records used in: 2

001 - NÚMERO DE CONTROL

  • campo de control: 2462

003 - IDENTIFICADOR DE NÚMERO DE CONTROL

  • campo de control: OSt

005 - FECHA Y HORA DE LA ÚLTIMA TRANSACCIÓN

  • campo de control: 20221005154934.0

008 - ELEMENTOS DE DATO DE LONGITUD-FIJA

  • campo de control de longitud fija: 221005|| aca||aabn | a|a d

040 ## - FUENTE DE CATALOGACIÓN

  • Centro catalogador/agencia de origen: OSt
  • Centro/agencia transcriptor: OSt

110 ## - ENCABEZAMIENTO-NOMBRE DE ENTIDAD CORPORATIVA

  • Nombre de entidad corporativa o nombre de jurisdicción como elemento de entrada: ARAGON.
  • Unidad subordinada: Tribunal Superior de Justicia
  • Sede del congreso/Lugar de la reunión: Sala de lo Contencioso Administrativo

670 ## - FUENTE DE DATOS ENCONTRADOS

  • Cita de la fuente: Work cat.: (OSt)1418: ARAGON. Tribunal Superior de Justicia Sala de lo Contencioso Administrativo, Sentencia n. 331 [relativa al recurso interpuesto en representación de UGT y declaración de nulidad de la resolución de 20 de mayo de 1992 del Gobierno Civil de Teruel], 1992

Powered by Koha